[Event "9. Lichtenberger Sommer"]
[Site "Berlin"]
[Date "2010.08.07"]
[Round "2.30"]
[White "Galkin, Wladislaw"]
[Black "Kapp, Martin"]
[Result "1/2-1/2"]
[WhiteElo "1910"]
[BlackElo "2171"]
[PlyCount "82"]
[EventDate "2010.??.??"]
[WhiteTeam "SC Ladja Roßdorf"]
[BlackTeam "TSV IFA Chemnitz"]

1. d4 Nf6 2. c4 c5 3. d5 e6 4. Nc3 exd5 5. cxd5 d6 6. e4 g6 7. Bf4 Bg7 8. Bd3
O-O 9. Nf3 Nh5 10. Qd2 Nxf4 11. Qxf4 Qa5 12. Rc1 b5 13. O-O b4 14. Nd1 Ba6 15.
Bxa6 Qxa6 16. Rc2 Nd7 17. b3 Rae8 18. Ne3 Nf6 19. Nd2 Nh5 20. Qf3 Bd4 21. g4
Ng7 22. Ndc4 Bxe3 23. fxe3 f5 24. Rcf2 Rf6 25. h3 h6 26. exf5 gxf5 27. gxf5
Rxf5 28. Qd1 Rg5+ 29. Kh2 Qb7 30. Rf7 Qxd5 31. Qxd5 Rxd5 32. Rxa7 Re6 33. Rd7
Rg6 34. Rd8+ Kh7 35. Rff8 Re6 36. Rd7 Rd1 37. Rff7 Rg6 38. Nxd6 Rd2+ 39. Kh1
Rd1+ 40. Kh2 Rd2+ 41. Kh1 Rd1+ 1/2-1/2

[Event "9. Lichtenberger Sommer"]
[Site "Berlin"]
[Date "2010.08.07"]
[Round "2.31"]
[White "Magnussen, Helge"]
[Black "Kornath, Heinrich"]
[Result "1/2-1/2"]
[WhiteElo "2119"]
[BlackElo "1976"]
[PlyCount "133"]
[EventDate "2010.??.??"]
[WhiteTeam "Elmshorner SC von 1896"]
[BlackTeam "SC Friesen Lichtenberg e.V."]

1. d4 Nf6 2. c4 g6 3. g3 Bg7 4. Bg2 c5 5. d5 d6 6. Nc3 O-O 7. Nf3 Na6 8. O-O
Bg4 9. h3 Bxf3 10. Bxf3 Nd7 11. Bg2 Nc7 12. e4 Rb8 13. Qe2 e6 14. Bf4 Ne5 15.
Rad1 exd5 16. Nxd5 Ne6 17. Be3 Nd4 18. Bxd4 cxd4 19. b3 Nc6 20. f4 Ne7 21. e5
Nf5 22. Rd3 dxe5 23. g4 Nh4 24. fxe5 Nxg2 25. Kxg2 Qg5 26. Rxd4 Qxe5 27. Re4
Qb2 28. Qxb2 Bxb2 29. Re7 h6 30. Rfe1 Bd4 31. Kf3 b5 32. R1e4 Bg7 33. Rxa7 bxc4
34. Rxc4 Rbd8 35. Nf4 Be5 36. Re4 Rfe8 37. Ra5 Bd4 38. Rd5 Bf6 39. a4 Kg7 40.
Rxe8 Rxe8 41. Rb5 Bd4 42. Nd5 Re5 43. a5 h5 44. gxh5 Rxh5 45. Ke4 Rh4+ 46. Kd3
Bg1 47. a6 Rxh3+ 48. Kc4 Rh4+ 49. Kc3 Rh3+ 50. Kb4 Rh8 51. Nb6 f5 52. Nd5 Rh4+
53. Kc3 f4 54. a7 Bxa7 55. Rb7+ Kh6 56. Rxa7 f3 57. Kd3 g5 58. Ra6+ Kg7 59. Ke3
Rh3 60. b4 g4 61. Rc6 Rh2 62. Kf4 Rd2 63. Rc7+ Kf8 64. Kxg4 f2 65. Ne3 Rd4+ 66.
Kf3 Rxb4 67. Kxf2 1/2-1/2

[Event "9. Lichtenberger Sommer"]
[Site "Berlin"]
[Date "2010.08.07"]
[Round "2.32"]
[White "Neumaier, Hubert"]
[Black "Welz, Peter"]
[Result "1/2-1/2"]
[WhiteElo "1858"]
[BlackElo "2162"]
[PlyCount "100"]
[EventDate "2010.??.??"]
[WhiteTeam "vereinslos"]
[BlackTeam "SV Empor Berlin e.V."]

1. d4 f5 2. g3 Nf6 3. Bg2 g6 4. Nf3 Bg7 5. O-O O-O 6. b4 Ne4 7. Bb2 c6 8. c4 d5
9. Nbd2 Be6 10. cxd5 cxd5 11. e3 Nd7 12. Nxe4 fxe4 13. Ng5 Bf7 14. f3 exf3 15.
Qxf3 Nf6 16. Bh3 Qb6 17. a4 Kh8 18. Nxf7+ Rxf7 19. Ba3 Rff8 20. Qe2 Ne4 21. a5
Rxf1+ 22. Rxf1 Qd6 23. Qd3 Rf8 24. Rxf8+ Bxf8 25. b5 Qf6 26. Qf1 Bh6 27. Qxf6+
exf6 28. Bc1 f5 29. g4 Nc3 30. Kf2 fxg4 31. Bxg4 Nxb5 32. Bc8 b6 33. axb6 axb6
34. Bb7 Nc3 35. Bd2 Ne4+ 36. Ke2 Nf6 37. h3 Kg8 38. Be1 Kf7 39. Bh4 g5 40. Bg3
Ke6 41. Bc6 Ne4 42. Bc7 b5 43. Ba5 Bf8 44. Bxb5 h5 45. Ba6 Ba3 46. Kf3 Nd6 47.
Bc7 Nf5 48. Bc8+ Kf6 49. Be5+ Kg6 50. Bb7 g4+ 1/2-1/2

[Event "9. Lichtenberger Sommer"]
[Site "Berlin"]
[Date "2010.08.07"]
[Round "2.33"]
[White "Hahlbohm, Matthias"]
[Black "Merz, Rüdiger"]
[Result "0-1"]
[WhiteElo "2095"]
[BlackElo "1920"]
[PlyCount "84"]
[EventDate "2010.??.??"]
[WhiteTeam "TSG Oberschöneweide e.V."]
[BlackTeam "SK Zehlendorf e.V."]

1. e4 c5 2. c3 Nf6 3. Bd3 e5 4. Bc2 d5 5. Qe2 d4 6. h3 Nc6 7. d3 Be7 8. Nd2 O-O
9. Nf1 Re8 10. g4 Bf8 11. Ng3 g6 12. Nf3 Bg7 13. Nh2 Be6 14. O-O b5 15. Rd1 Qc7
16. Nf3 Rad8 17. a4 dxc3 18. bxc3 b4 19. Bb2 b3 20. Bb1 c4 21. Ng5 Bc8 22. dxc4
Rxd1+ 23. Qxd1 Na5 24. Bd3 Ba6 25. Qe2 Nxc4 26. Rb1 Qc6 27. Nf3 Nd7 28. Nd2
Nxd2 29. Qxd2 Qd6 30. Rd1 Qxd3 31. Qxd3 Bxd3 32. Rxd3 Nc5 33. Rd2 Nxa4 34. Ne2
a5 35. c4 Nxb2 36. Rxb2 Rb8 37. Nc3 Bf8 38. Kf1 Rb4 39. Ke2 a4 40. Kd3 a3 41.
Rb1 b2 42. Kc2 a2 0-1

[Event "9. Lichtenberger Sommer"]
[Site "Berlin"]
[Date "2010.08.07"]
[Round "2.34"]
[White "Bandlow, Matthias"]
[Black "Schleich, Theodor"]
[Result "0-1"]
[WhiteElo "2004"]
[BlackElo "2128"]
[PlyCount "50"]
[EventDate "2010.??.??"]
[WhiteTeam "SC Borussia Friedrichsfelde 1920"]
[BlackTeam "FC Bayern München e.V."]

1. d4 e6 2. c4 b6 3. Nf3 Bb7 4. e3 f5 5. Be2 Nf6 6. O-O Be7 7. Nc3 O-O 8. b3
Qe8 9. Bb2 h6 10. d5 Na6 11. dxe6 dxe6 12. Ne5 Rd8 13. Qc1 Nd7 14. f4 Nxe5 15.
fxe5 Bg5 16. Nb5 Nc5 17. Nd4 Qg6 18. g3 h5 19. Bf3 Nd3 20. Qd2 Bxf3 21. Qxd3
Be4 22. Qe2 c5 23. Nf3 Bd3 24. Qf2 Bxf1 25. Kxf1 Rd3 0-1

[Event "9. Lichtenberger Sommer"]
[Site "Berlin"]
[Date "2010.08.07"]
[Round "2.35"]
[White "Bethe, Stephan"]
[Black "Grillich, Alexander"]
[Result "1-0"]
[WhiteElo "2162"]
[BlackElo "1994"]
[PlyCount "79"]
[EventDate "2010.??.??"]
[WhiteTeam "SC Kreuzberg e.V."]
[BlackTeam "SC Rochade e.V."]

1. e4 c5 2. Nf3 e6 3. d4 cxd4 4. Nxd4 Nc6 5. Nb5 d6 6. c4 Be7 7. Be2 Nf6 8.
N1c3 a6 9. Na3 Qc7 10. O-O O-O 11. Be3 b6 12. Rc1 Bd7 13. f3 Rfd8 14. Qe1 Be8
15. Qf2 Nd7 16. Nd5 exd5 17. cxd5 Nc5 18. dxc6 d5 19. exd5 Rxd5 20. Nc4 b5 21.
Na5 Qxa5 22. Bxc5 Bxc5 23. Rxc5 Rxc5 24. Qxc5 Qc7 25. a4 Qxc6 26. Qxc6 Bxc6 27.
Rc1 Be8 28. a5 Rd8 29. Kf2 Kf8 30. Rc7 Rd6 31. Ra7 Bd7 32. Ke3 Ke7 33. Bd3 Kf6
34. Be4 b4 35. Bd3 Bc8 36. Bc4 Rc6 37. Rxf7+ Kg6 38. Rf4 Rc5 39. Bd3+ Kg5 40.
Rc4 1-0

[Event "9. Lichtenberger Sommer"]
[Site "Berlin"]
[Date "2010.08.07"]
[Round "2.36"]
[White "Jachym, Adam"]
[Black "Major, Vitalij"]
[Result "0-1"]
[WhiteElo "1835"]
[BlackElo "2071"]
[PlyCount "74"]
[EventDate "2010.??.??"]
[WhiteTeam "OKSZ Spolem Opole"]
[BlackTeam "SC Zitadelle Spandau 1977 e.V."]

1. e4 c5 2. Nf3 d6 3. d4 cxd4 4. Nxd4 Nf6 5. Nc3 a6 6. Bg5 e6 7. f4 Be7 8. Qf3
Qc7 9. O-O-O Nbd7 10. g4 b5 11. Bxf6 Nxf6 12. g5 Nd7 13. f5 Bxg5+ 14. Kb1 Nb6
15. fxe6 O-O 16. Bh3 fxe6 17. Qh5 Qe7 18. Nc6 Qe8 19. Qxg5 Qxc6 20. Rhg1 Ra7
21. Rgf1 Rxf1 22. Rxf1 Qe8 23. Qf4 Nc4 24. b3 e5 25. Qg5 Bxh3 26. Nd5 Kh8 27.
Qh5 Nd2+ 28. Kc1 g6 29. Qxh3 Nxf1 30. Qxf1 Rf7 31. Qg1 Qc6 32. Qg5 Kg7 33. h4
h6 34. Qg2 Qc5 35. h5 g5 36. Qh3 Qd4 37. Qh1 Qa1+ 0-1

[Event "9. Lichtenberger Sommer"]
[Site "Berlin"]
[Date "2010.08.07"]
[Round "2.37"]
[White "Elsing, Jan"]
[Black "Walter, Günter"]
[Result "1-0"]
[WhiteElo "2140"]
[BlackElo "2017"]
[PlyCount "99"]
[EventDate "2010.??.??"]
[WhiteTeam "SC Friesen Lichtenberg e.V."]
[BlackTeam "TSG Oberschöneweide e.V."]

1. e4 e5 2. Nf3 Nc6 3. Bb5 Nge7 4. c3 g6 5. d4 exd4 6. cxd4 Bg7 7. O-O O-O 8.
h3 a6 9. Ba4 b5 10. Bc2 Nb4 11. Bb3 d5 12. e5 Bf5 13. Bg5 c5 14. dxc5 Nd3 15.
Nc3 h6 16. Bxe7 Qxe7 17. Nxd5 Qxc5 18. Ne3 Be4 19. Nd2 Bb7 20. Qg4 Nxe5 21. Qg3
Rad8 22. Rac1 Qb6 23. Rfd1 Rd7 24. Nb1 Rfd8 25. Nc3 Rxd1+ 26. Rxd1 Rxd1+ 27.
Ncxd1 Nd3 28. Qb8+ Bf8 29. Nd5 Qe6 30. N1e3 Bxd5 31. Bxd5 Qf6 32. Ng4 Qg5 33.
Qb7 Qc1+ 34. Kh2 Qf4+ 35. g3 Qf5 36. Be4 Nc5 37. Bxf5 Nxb7 38. Bc8 Nc5 39. b4
Nd3 40. a3 a5 41. bxa5 Bxa3 42. Ba6 h5 43. Bxb5 hxg4 44. Bxd3 Bc5 45. hxg4 Bxf2
46. g5 Kg7 47. Kg2 Ba7 48. Kf3 f6 49. Ke4 fxg5 50. g4 1-0

[Event "9. Lichtenberger Sommer"]
[Site "Berlin"]
[Date "2010.08.07"]
[Round "2.38"]
[White "Brauer, Thilo"]
[Black "Hertwig, Christopher"]
[Result "0-1"]
[WhiteElo "1830"]
[BlackElo "2086"]
[PlyCount "50"]
[EventDate "2010.??.??"]
[WhiteTeam "SC Friesen Lichtenberg e.V."]
[BlackTeam "SK König Tegel 1949 e.V."]

1. c4 Nf6 2. Nc3 d5 3. cxd5 Nxd5 4. g3 g6 5. Bg2 Nxc3 6. bxc3 c5 7. Rb1 Nc6 8.
Nf3 Bg7 9. O-O O-O 10. a4 Qc7 11. Qc2 c4 12. d4 cxd3 13. exd3 Bg4 14. Bf4 e5
15. Be3 Rac8 16. Rfc1 Rfd8 17. Ne1 b6 18. d4 Na5 19. d5 Nc4 20. h3 Bf5 21. Qb3
Bxb1 22. Qxb1 Nxe3 23. fxe3 Qc4 24. Kf2 Bh6 25. Qe4 f5 0-1

[Event "9. Lichtenberger Sommer"]
[Site "Berlin"]
[Date "2010.08.07"]
[Round "2.39"]
[White "Oginski, Ulrich"]
[Black "Amelang, Thomas"]
[Result "0-1"]
[WhiteElo "1826"]
[BlackElo "2153"]
[PlyCount "50"]
[EventDate "2010.??.??"]
[WhiteTeam "SC Weisse Dame e.V."]
[BlackTeam "SK Siemens München"]

1. c4 Nf6 2. g3 g6 3. Bg2 Bg7 4. Nc3 O-O 5. Nf3 c6 6. O-O d6 7. d3 e5 8. Rb1
Ne8 9. b4 f5 10. Qc2 Nc7 11. a4 Ne6 12. e3 g5 13. Nd2 Nd7 14. Ne2 f4 15. exf4
gxf4 16. b5 cxb5 17. axb5 Ndc5 18. Nf3 Qe8 19. Nc3 Qh5 20. Ba3 Rf6 21. Nd5 Rh6
22. Bxc5 dxc5 23. Ne7+ Kf8 24. Nxc8 Nd4 25. Qd1 Nxf3+ 0-1

[Event "9. Lichtenberger Sommer"]
[Site "Berlin"]
[Date "2010.08.07"]
[Round "2.40"]
[White "Wasem, Ralph"]
[Black "Penner, Markus"]
[Result "0-1"]
[WhiteElo "2106"]
[BlackElo "1921"]
[PlyCount "70"]
[EventDate "2010.??.??"]
[WhiteTeam "SK Landau"]
[BlackTeam "SK Zehlendorf e.V."]

1. d4 Nf6 2. Bg5 g6 3. Nf3 Bg7 4. Nbd2 O-O 5. e4 d6 6. Bc4 Nxe4 7. Nxe4 d5 8.
Bxd5 Qxd5 9. Qe2 Bg4 10. O-O Nc6 11. c3 f5 12. Ned2 e5 13. c4 Nxd4 14. Qe3 Qd6
15. Nxd4 Qxd4 16. Qxd4 exd4 17. f3 Bh5 18. Bf4 Rac8 19. h3 h6 20. h4 Kh7 21.
Kh2 Bf6 22. Rae1 Rfe8 23. g4 fxg4 24. fxg4 Bxg4 25. Kg3 Rxe1 26. Rxe1 Bf5 27.
b4 c5 28. a3 b5 29. bxc5 bxc4 30. Nxc4 Rxc5 31. Nd6 Rc3+ 32. Kg2 Bxh4 33. Rh1
Rc2+ 34. Kf1 Rf2+ 35. Kg1 Rxf4 0-1

[Event "9. Lichtenberger Sommer"]
[Site "Berlin"]
[Date "2010.08.07"]
[Round "2.41"]
[White "Hantusch, Ralf"]
[Black "Hüttemann, Ralf"]
[Result "0-1"]
[WhiteElo "1867"]
[BlackElo "2068"]
[PlyCount "84"]
[EventDate "2010.??.??"]
[WhiteTeam "SV Bau-Union e.V."]
[BlackTeam "Schachfreunde Battenberg"]

1. c4 e5 2. Nc3 Nc6 3. Nf3 g6 4. g3 Bg7 5. Bg2 Nge7 6. O-O O-O 7. d3 d6 8. Bd2
h6 9. Rb1 Be6 10. b4 Qd7 11. b5 Nd8 12. Qc1 Kh7 13. Qa3 Bh3 14. c5 Bxg2 15.
Kxg2 d5 16. Rfc1 f5 17. b6 cxb6 18. cxb6 Ndc6 19. Qb3 e4 20. Ng1 d4 21. Na4 Qd5
22. Qxd5 Nxd5 23. Nc5 axb6 24. Nxb7 Rf6 25. Rb5 Nce7 26. Bb4 Nxb4 27. Rxb4 Ra7
28. Rxd4 Rxb7 29. dxe4 Re6 30. exf5 Nxf5 31. Rd8 b5 32. e3 b4 33. Nf3 Ra7 34.
g4 Nxe3+ 35. fxe3 Rxa2+ 36. Rd2 Rxd2+ 37. Nxd2 Rxe3 38. Nf3 b3 39. Rc7 b2 40.
Rb7 Rd3 41. Ne5 Rd2+ 42. Kg3 Rd1 0-1

[Event "9. Lichtenberger Sommer"]
[Site "Berlin"]
[Date "2010.08.07"]
[Round "2.42"]
[White "Koischwitz, Wanja"]
[Black "Fischer, Daniel"]
[Result "1/2-1/2"]
[WhiteElo "1773"]
[BlackElo "2089"]
[PlyCount "91"]
[EventDate "2010.??.??"]
[WhiteTeam "Queer-Springer SSV Berlin"]
[BlackTeam "SK Oberkirch"]

1. d4 d6 2. Nf3 g6 3. e3 Bg7 4. b3 Nd7 5. Bb2 e5 6. dxe5 Nxe5 7. Nxe5 Bxe5 8.
Bxe5 dxe5 9. Qxd8+ Kxd8 10. Bc4 Ke7 11. Nc3 c6 12. O-O-O Nf6 13. Rd2 b5 14. Bd3
Bf5 15. Bxf5 gxf5 16. Rhd1 Rad8 17. f3 Rxd2 18. Rxd2 Rg8 19. g3 h5 20. f4 exf4
21. exf4 h4 22. Re2+ Kd6 23. Rd2+ Kc5 24. Rd3 Ne4 25. gxh4 Rg1+ 26. Kb2 Rg4 27.
Nxe4+ fxe4 28. Rh3 Rg6 29. h5 Rh6 30. Kc3 b4+ 31. Kd2 Kd4 32. Ke2 f5 33. Kd2
e3+ 34. Rxe3 Rxh5 35. h3 Rh4 36. c3+ bxc3+ 37. Rxc3 c5 38. Rc4+ Kd5 39. Ra4
Rxh3 40. Rxa7 Rh2+ 41. Ke3 Rh3+ 42. Kf2 Rc3 43. Re7 Kd4 44. Re5 Rc2+ 45. Re2
Rc3 46. Re5 1/2-1/2

[Event "9. Lichtenberger Sommer"]
[Site "Berlin"]
[Date "2010.08.07"]
[Round "2.43"]
[White "Pöltelt, Helmut"]
[Black "Keil, Uwe"]
[Result "1/2-1/2"]
[WhiteElo "1697"]
[BlackElo "2151"]
[PlyCount "179"]
[EventDate "2010.??.??"]
[WhiteTeam "SC Eintracht Berlin e.V."]
[BlackTeam "SC Friesen Lichtenberg e.V."]

1. e4 e5 2. Nf3 Nc6 3. Bb5 a6 4. Ba4 Nf6 5. O-O b5 6. Bb3 Be7 7. Re1 O-O 8. c3
d6 9. h3 Na5 10. Bc2 c5 11. d4 Qc7 12. d5 Nc4 13. Nbd2 Nxd2 14. Bxd2 Bd7 15. b3
Rfe8 16. c4 b4 17. a3 a5 18. a4 h6 19. Kh2 Nh7 20. g4 Qd8 21. Bd3 Bh4 22. Nxh4
Qxh4 23. Qf3 Rf8 24. Qg3 Qxg3+ 25. Kxg3 g5 26. Rh1 Kg7 27. h4 f6 28. Rh2 Rh8
29. h5 Rhe8 30. f3 Re7 31. Re2 Be8 32. Be1 Nf8 33. Rb2 Nd7 34. Bd2 Nb6 35. Bc2
Rc8 36. Kf2 Bf7 37. Bd3 Rce8 38. Bc1 Rf8 39. Bd2 Be8 40. Bc2 Bd7 41. Bd3 Rfe8
42. Ke3 Bc8 43. Kf2 Ba6 44. Ke3 Kf7 45. Be1 Kg7 46. Bd2 f5 47. gxf5 Kf6 48. Rg1
Rg7 49. Rg4 Reg8 50. Be1 Bc8 51. Rh2 Bd7 52. Bc2 Be8 53. Bd1 Nd7 54. Bd2 Ke7
55. Rg1 Nf6 56. Rgh1 g4 57. fxg4 Nxg4+ 58. Bxg4 Rxg4 59. Kd3 Rg3+ 60. Kc2 R8g4
61. Rh4 Rg8 62. Bxh6 Rc3+ 63. Kd1 Rxb3 64. f6+ Kxf6 65. Rf1+ Ke7 66. Bc1 Bxa4
67. Ke2 Bd7 68. h6 Rh3 69. Rxh3 Bxh3 70. Rf2 b3 71. Rh2 Bg4+ 72. Kd3 Bd1 73. h7
Rh8 74. Bg5+ Kf7 75. Kc3 a4 76. Kb2 Bc2 77. Rh4 Kg6 78. Be7 Rxh7 79. Rxh7 Kxh7
80. Bxd6 Kg6 81. Bxe5 Bxe4 82. d6 Bc6 83. Bg3 Kf5 84. Bf2 Ke4 85. Kc3 Bd7 86.
Bxc5 Be6 87. Ba3 Bd7 88. c5 Kd5 89. Bb4 Bc6 90. Ba3 1/2-1/2

[Event "9. Lichtenberger Sommer"]
[Site "Berlin"]
[Date "2010.08.07"]
[Round "2.44"]
[White "Schwarz, Oliver"]
[Black "Vollbrecht, Lars"]
[Result "0-1"]
[WhiteElo "2114"]
[BlackElo "1881"]
[PlyCount "150"]
[EventDate "2010.??.??"]
[WhiteTeam "SV Bad Schwartau von 1930"]
[BlackTeam "SF Siemensstadt"]

1. d4 d5 2. c4 c6 3. cxd5 cxd5 4. Nf3 Nc6 5. Nc3 Nf6 6. Bf4 Bf5 7. e3 e6 8. Bb5
Qb6 9. Qa4 Rc8 10. Ne5 a6 11. Bxc6+ bxc6 12. O-O Nd7 13. Rac1 Nxe5 14. Bxe5 f6
15. Bg3 Be7 16. Rfe1 Kf7 17. e4 dxe4 18. Nxe4 Rhd8 19. Nc5 Qxb2 20. Qxa6 Qxd4
21. Nb7 Rd7 22. Na5 Re8 23. Nxc6 Qd3 24. Qa4 Rb7 25. h3 Qa3 26. Qc4 Qd3 27. a4
Qxc4 28. Rxc4 e5 29. Ra1 Rb1+ 30. Rxb1 Bxb1 31. f3 Ba2 32. Rc3 Ra8 33. a5 Bd5
34. Be1 Bf8 35. Rc1 Ba3 36. Rc2 Ke8 37. Kf2 Kd7 38. Nb4 Rxa5 39. Nxd5 Rxd5 40.
Ra2 Bc5+ 41. Ke2 Ke6 42. Ra8 Rd7 43. Ra6+ Kf7 44. Rc6 Bf8 45. Bd2 Ra7 46. Rc2
g6 47. Be3 Rb7 48. Bd2 g5 49. Ra2 Kg6 50. Ra8 Bg7 51. Ra6 h5 52. Ra4 h4 53. Ra6
Rb2 54. Kd3 Bf8 55. Ra4 Bc5 56. Rc4 Bd4 57. Rc1 Ra2 58. Rc6 Kf5 59. Rc4 Bf2 60.
Ke2 Bg3 61. Kd1 Ra1+ 62. Rc1 Ra4 63. Rc2 Ra1+ 64. Rc1 Rxc1+ 65. Bxc1 Bf4 66.
Bb2 Be3 67. Ke2 Kf4 68. Bc3 Bc1 69. Be1 f5 70. Bf2 e4 71. Be1 e3 72. Ba5 Kg3
73. Kf1 e2+ 74. Kg1 Be3+ 75. Kh1 Kf2 0-1

[Event "9. Lichtenberger Sommer"]
[Site "Berlin"]
[Date "2010.08.07"]
[Round "2.45"]
[White "Köpke, Christian"]
[Black "Engelhardt, Erhard"]
[Result "1-0"]
[WhiteElo "2381"]
[BlackElo "1799"]
[PlyCount "71"]
[EventDate "2010.??.??"]
[WhiteTeam "SC Tarrasch 45 München"]
[BlackTeam "SSV Rotation Berlin e.V."]

1. e4 d5 2. exd5 Qxd5 3. Nc3 Qd6 4. d4 Nf6 5. Nf3 Bg4 6. h3 Bxf3 7. Qxf3 c6 8.
Be3 e6 9. O-O-O Qc7 10. Kb1 Bd6 11. g4 Nbd7 12. Bc1 Rf8 13. g5 Nd5 14. Ne4
O-O-O 15. c4 Nb4 16. Bg2 e5 17. a3 Na6 18. d5 c5 19. h4 Kb8 20. Nxd6 Qxd6 21.
Qg3 f5 22. gxf6 gxf6 23. f4 Rg8 24. Qf2 Rdf8 25. Rhe1 Ka8 26. Bh3 Rg7 27. Qc2
Nc7 28. Bf5 Ne8 29. Be6 Nc7 30. fxe5 fxe5 31. Bh6 Rg6 32. Bxf8 Nxf8 33. Rf1 a6
34. Qf5 Nfxe6 35. dxe6 Qxe6 36. Qf8+ 1-0

[Event "9. Lichtenberger Sommer"]
[Site "Berlin"]
[Date "2010.08.07"]
[Round "2.46"]
[White "Junghänel, Dieter"]
[Black "Kanellopoulos, Panayotis"]
[Result "0-1"]
[WhiteElo "1714"]
[BlackElo "2268"]
[PlyCount "56"]
[EventDate "2010.??.??"]
[WhiteTeam "SV Motor Wildau e.V."]
[BlackTeam "Patras Chess Club"]

1. Nf3 Nf6 2. d4 d6 3. g3 g6 4. Bg2 Bg7 5. c3 Nbd7 6. Nbd2 O-O 7. O-O e5 8. e4
Qe7 9. d5 h6 10. h3 Nh7 11. Qc2 Ndf6 12. Kh2 Nh5 13. Ng1 f5 14. Nc4 Ng5 15.
Bxg5 hxg5 16. Qe2 g4 17. Ne3 Qg5 18. Qe1 Nf6 19. f4 exf4 20. Rxf4 Nh5 21. h4
Qh6 22. Rf1 Be5 23. Nxg4 fxg4 24. Rxf8+ Qxf8 25. Ne2 Bd7 26. Rd1 Qf6 27. Rd3
Bb5 28. c4 Bxc4 0-1

[Event "9. Lichtenberger Sommer"]
[Site "Berlin"]
[Date "2010.08.07"]
[Round "2.47"]
[White "Meißner, Hans-Jürgen"]
[Black "Keusch, Horst"]
[Result "1/2-1/2"]
[WhiteElo "2255"]
[BlackElo "1953"]
[PlyCount "39"]
[EventDate "2010.??.??"]
[WhiteTeam "SV Empor Berlin e.V."]
[BlackTeam "SC Friesen Lichtenberg e.V."]

1. e4 g6 2. d4 Bg7 3. Nf3 c6 4. Bd3 d5 5. Nbd2 Nh6 6. O-O O-O 7. Re1 dxe4 8.
Nxe4 Bg4 9. c3 Nd7 10. Bc2 Nb6 11. h3 Bf5 12. Bb3 Qc7 13. Bg5 Bxe4 14. Rxe4 e6
15. Qe2 Nf5 16. Rd1 Nd6 17. Rh4 Nf5 18. Re4 Nd6 19. Rh4 Nf5 20. Re4 1/2-1/2

[Event "9. Lichtenberger Sommer"]
[Site "Berlin"]
[Date "2010.08.07"]
[Round "2.48"]
[White "Heuer, Thomas"]
[Black "Kiesewetter, Peter"]
[Result "1-0"]
[WhiteElo "2152"]
[BlackElo "1887"]
[PlyCount "77"]
[EventDate "2010.??.??"]
[WhiteTeam "TSG Neuruppin"]
[BlackTeam "SC Schwarz-Weiß Lichtenrade e.V."]

1. d4 Nf6 2. Nf3 d5 3. c4 c6 4. e3 e6 5. Nc3 Bd6 6. Be2 Nbd7 7. O-O O-O 8. Qc2
b6 9. e4 dxe4 10. Nxe4 Nxe4 11. Qxe4 Bb7 12. Bg5 Be7 13. Bd3 g6 14. Qh4 Bxg5
15. Nxg5 Nf6 16. Rad1 Kg7 17. Rfe1 h6 18. Nf3 Qc7 19. Ne5 Rad8 20. Qf4 Qd6 21.
Bxg6 fxg6 22. Qg3 g5 23. Qd3 Qe7 24. Qg6+ Kh8 25. Qxh6+ Kg8 26. Ng6 Qg7 27.
Qxg7+ Kxg7 28. Nxf8 Kxf8 29. Rxe6 Kf7 30. Rde1 Rd7 31. h3 Kg6 32. Re7 c5 33. d5
a6 34. R1e6 Rxe7 35. Rxe7 Bc8 36. g4 a5 37. b3 Nd7 38. Re8 Bb7 39. Rd8 1-0

[Event "9. Lichtenberger Sommer"]
[Site "Berlin"]
[Date "2010.08.07"]
[Round "2.49"]
[White "Badestein, Hartmut"]
[Black "Rudolph, Stephanie"]
[Result "1/2-1/2"]
[WhiteElo "2159"]
[BlackElo "1890"]
[PlyCount "66"]
[EventDate "2010.??.??"]
[WhiteTeam "SC Friesen Lichtenberg e.V."]
[BlackTeam "SC Friesen Lichtenberg e.V."]

1. e4 c5 2. Nf3 Nf6 3. Nc3 d6 4. d4 cxd4 5. Nxd4 Nc6 6. Be2 g6 7. Be3 Bg7 8.
Qd2 Ng4 9. Bxg4 Bxg4 10. Nxc6 bxc6 11. Bd4 Bxd4 12. Qxd4 e5 13. Qd2 Qc7 14. O-O
O-O 15. Rfe1 Rad8 16. Re3 Kg7 17. Rae1 Rfe8 18. Rd3 Rd7 19. Na4 Be6 20. b3 f5
21. f3 d5 22. Nc5 Qb6 23. Qf2 fxe4 24. fxe4 Rd6 25. exd5 Bf5 26. Rd2 cxd5 27.
Nd3 Qxf2+ 28. Kxf2 Bxd3 29. Rxd3 Kf6 30. Rf3+ Ke6 31. Rfe3 e4 32. c4 Kf5 33.
cxd5 Rxd5 1/2-1/2

[Event "9. Lichtenberger Sommer"]
[Site "Berlin"]
[Date "2010.08.07"]
[Round "2.50"]
[White "Richter, Götz"]
[Black "Krawatzki, Armin"]
[Result "1-0"]
[WhiteElo "2072"]
[BlackElo "1825"]
[PlyCount "57"]
[EventDate "2010.??.??"]
[WhiteTeam "Klub Kölner Schachfreunde e.V. 1"]
[BlackTeam "SVG Läufer Reinickendorf e.V."]

1. e4 d5 2. exd5 Qxd5 3. Nc3 Qa5 4. d4 c6 5. Nf3 Nf6 6. Bf4 Bg4 7. h3 Bxf3 8.
Qxf3 e6 9. Bd2 Bb4 10. Bc4 Nbd7 11. O-O O-O 12. a3 Bxc3 13. Bxc3 Qc7 14. Rfe1
Rfe8 15. Rad1 Rad8 16. Ba2 b6 17. Bd2 Qc8 18. Bf4 h6 19. g4 g5 20. Bg3 Kg7 21.
c4 Rh8 22. Qe3 Rde8 23. f4 Nh7 24. Rf1 Rhf8 25. Bb1 Qd8 26. Rd2 f5 27. fxg5
Qxg5 28. Bf4 Qh4 29. Rg2 1-0

[Event "9. Lichtenberger Sommer"]
[Site "Berlin"]
[Date "2010.08.07"]
[Round "2.51"]
[White "Schulz, Stefanie"]
[Black "Radßat, Rene"]
[Result "1-0"]
[WhiteElo "2083"]
[BlackElo "1600"]
[PlyCount "75"]
[EventDate "2010.??.??"]
[WhiteTeam "SK König Tegel 1949 e.V."]
[BlackTeam "SV Bad Schwartau von 1930"]

1. e4 e6 2. d3 d5 3. Nd2 Nf6 4. Ngf3 c5 5. g3 Nc6 6. Bg2 Be7 7. O-O O-O 8. c3
Qc7 9. Qc2 b6 10. Re1 Bb7 11. Nf1 Rac8 12. e5 Nd7 13. Bf4 h6 14. h4 Rfe8 15.
N1h2 Nf8 16. h5 Qd8 17. Ng4 Nh7 18. Qd2 Kh8 19. Kh2 Bf8 20. Rh1 Rc7 21. Kg1 d4
22. c4 Ne7 23. Nh4 Bxg2 24. Kxg2 a6 25. a4 Rb7 26. Qe2 b5 27. Qe4 Rb6 28. axb5
axb5 29. b3 bxc4 30. bxc4 Qd7 31. Bxh6 gxh6 32. Qxh7+ Kxh7 33. Nf6+ Kg7 34.
Nxd7 Rc6 35. Ra5 Nc8 36. Nxf8 Rxf8 37. Rb1 Ne7 38. Rb7 1-0

[Event "9. Lichtenberger Sommer"]
[Site "Berlin"]
[Date "2010.08.07"]
[Round "2.52"]
[White "Toumbeli, Zoi"]
[Black "Krajewski, Wolfgang"]
[Result "1/2-1/2"]
[WhiteElo "1994"]
[BlackElo "2098"]
[PlyCount "78"]
[EventDate "2010.??.??"]
[WhiteTeam "Patras Chess Club"]
[BlackTeam "SK Zehlendorf e.V."]

1. Nf3 d5 2. d4 c5 3. c3 Nc6 4. Bg5 h6 5. Bh4 Qb6 6. Qb3 c4 7. Qc2 Bg4 8. Nbd2
e6 9. e3 Be7 10. Bxe7 Ngxe7 11. Be2 O-O 12. e4 Qc7 13. O-O b5 14. Rfe1 dxe4 15.
Nxe4 Nd5 16. g3 Rad8 17. Nh4 Bxe2 18. Qxe2 Qe7 19. Nd2 Rfe8 20. Qg4 Nf6 21. Qf3
Qd7 22. Ne4 Nxe4 23. Rxe4 Qd5 24. Rae1 Rf8 25. Qe2 Rb8 26. Nf3 Qh5 27. Ne5 Qxe2
28. R1xe2 Rfc8 29. Nxc6 Rxc6 30. Re5 b4 31. Ra5 bxc3 32. bxc3 Rb1+ 33. Kg2 Rc1
34. Re3 a6 35. Ra3 Rc2 36. Kf3 Rb6 37. Re2 Rc1 38. Re5 Rc2 39. Re2 Rc1 1/2-1/2

[Event "9. Lichtenberger Sommer"]
[Site "Berlin"]
[Date "2010.08.07"]
[Round "2.53"]
[White "Weyers, Guido"]
[Black "Glöß, Henrik"]
[Result "1-0"]
[WhiteElo "1985"]
[BlackElo "1678"]
[PlyCount "63"]
[EventDate "2010.??.??"]
[WhiteTeam "SC Weisse Dame e.V."]
[BlackTeam "Sfr.Nord-Ost Berlin"]

1. c4 Nf6 2. g3 c6 3. Bg2 g6 4. Nc3 d5 5. cxd5 cxd5 6. d4 Bg7 7. Bf4 O-O 8. Qd2
Nc6 9. Nf3 Re8 10. Ne5 Bf5 11. O-O Rc8 12. Rac1 Ne4 13. Nxe4 dxe4 14. Nxc6 bxc6
15. Rfd1 Qb6 16. Rc4 c5 17. dxc5 Qxb2 18. Qxb2 Bxb2 19. Rd2 Bf6 20. Be3 Rb8 21.
Bxe4 Bh3 22. c6 Rbd8 23. Rxd8 Rxd8 24. Rc1 Be5 25. f4 Bc7 26. Kf2 Bb6 27. Bxb6
axb6 28. c7 Rf8 29. f5 Rc8 30. Bb7 Bxf5 31. Bxc8 Bxc8 32. Rd1 1-0